Jean-Paul Sartre en su vida / (Record no. 84549)

MARC details
000 -LEADER
campo de control de longitud fija 00619nam a2200193 i 4500
001 - NÚMERO DE CONTROL
campo de control 84549
003 - IDENTIFICADOR DE NÚMERO DE CONTROL
campo de control ES-MaACL
005 - FECHA Y HORA DE LA ÚLTIMA TRANSACCIÓN
campo de control 20230906175033.0
007 - CAMPO FIJO DE DESCRIPCIÓN FÍSICA--INFORMACIÓN GENERAL
campo de control de longitud fija t|
008 - DATOS DE LONGITUD FIJA--INFORMACIÓN GENERAL
campo de control de longitud fija 041123s1975 sp ||||1| spa d
100 1# - ENTRADA PRINCIPAL--NOMBRE DE PERSONA
Nombre de persona Jeanson, Francis.
9 (RLIN) 66259
245 10 - MENCIÓN DEL TÍTULO
Título Jean-Paul Sartre en su vida /
Mención de responsabilidad, etc. Francis Jeason ; [traducción de M.S. de Mora Charles ; Javier Echevarría Ezponda].
250 ## - MENCION DE EDICION
Mención de edición [1ª ed.].
260 ## - PUBLICACIÓN, DISTRIBUCIÓN, ETC.
Lugar de publicación, distribución, etc. Barcelona :
Nombre del editor, distribuidor, etc. Barral,
Fecha de publicación, distribución, etc. 1975.
300 ## - DESCRIPCIÓN FÍSICA
Extensión 329 p. ;
Dimensiones 20 cm.
700 1# - ENTRADA AGREGADA--NOMBRE PERSONAL
Nombre de persona Mora Charles, María Sol de.
9 (RLIN) 82874
700 1# - ENTRADA AGREGADA--NOMBRE PERSONAL
Nombre de persona Echevarría Ezponda, Javier.
9 (RLIN) 46560
852 ## - LOCALIZACIÓN
Ubicación ES-MaACL
Número de control de estantería E-7133
Sublocalización o colección R.91446
Holdings
Estatus retirado Estado de pérdida Estado de daño No para préstamo Biblioteca de origen Biblioteca actual Ubicación en estantería Fecha de adquisición Fuente de adquisición Total de préstamos Signatura topográfica completa Código de barras Visto por última vez Precio de reemplazo Tipo de ítem Koha
        Biblioteca del Ateneo de Madrid Biblioteca del Ateneo de Madrid Depósito 2 17/01/2008     E-7133 1088357 23/02/2023 23/02/2023 Libro impreso